MARC
| LEADER | 00000nam a2200000Ia 4500 | ||
|---|---|---|---|
| 008 | 170316s9999 xx 000 0 und d | ||
| 040 | |a cru BVZT | ||
| 090 | |a 818 B-3d | ||
| 100 | |a Beaulieu, Victor-Lévy | ||
| 245 | |a Discours de Samm (Comédie) | ||
| 260 | |a Montreal, Canadá | ||
| 260 | |b V.L.B. | ||
| 260 | |c 1983 | ||
| 300 | |a 247 páginas | ||
| 650 | |a LITERATURA CANADIENSE | ||
| 999 | |c 6362 |d 6362 | ||
| 942 | |c 15 D |h 818 B-3d |2 z | ||
